000 00303nam a22001337a 4500
008 170711b xxu||||| |||| 00| 0 eng d
020 _a9780415020640
041 _aeng
080 _a030
100 _a23
101 _aENC
245 _aAN ENCYCLOPEDIA OF LANGUAGE
_cCOLLINGE.N.E
942 _2udc
_cBK
999 _c20234
_d20234